| 000 | 01487nam a2200385 a 4500 | ||
|---|---|---|---|
| 001 | ebr10442228 | ||
| 003 | CaPaEBR | ||
| 006 | m u | ||
| 007 | cr cn||||||||| | ||
| 008 | 100526s2010 mnua sb 001 0 eng d | ||
| 010 | _z 2010019697 | ||
| 020 | _z9780816666089 (hc : alk. paper) | ||
| 020 | _z9780816666096 (pb : alk. paper) | ||
| 020 | _z9780816675029 (e-book) | ||
| 040 |
_aCaPaEBR _cCaPaEBR |
||
| 035 | _a(OCoLC)699521149 | ||
| 050 | 1 | 4 |
_aQA76.76.H94 _bF76 2010eb |
| 082 | 0 | 4 |
_a006.7/4 _222 |
| 245 | 0 | 0 |
_aFrom A to <A> _h[electronic resource] : _bkeywords of markup / _cBradley Dilger and Jeff Rice, editors. |
| 260 |
_aMinneapolis : _bUniversity of Minnesota Press, _cc2010. |
||
| 300 |
_axxiv, 246 p. : _bill. |
||
| 504 | _aIncludes bibliographical references and index. | ||
| 533 |
_aElectronic reproduction. _bPalo Alto, Calif. : _cebrary, _d2011. _nAvailable via World Wide Web. _nAccess may be limited to ebrary affiliated libraries. |
||
| 650 | 0 |
_aHTML (Document markup language) _xPhilosophy. |
|
| 650 | 0 | _aComponential analysis (Linguistics) | |
| 650 | 0 | _aWebometrics. | |
| 650 | 0 | _aMetadata harvesting. | |
| 650 | 0 | _aSociolinguistics. | |
| 650 | 0 |
_aWorld Wide Web _xResearch. |
|
| 655 | 7 |
_aElectronic books. _2local |
|
| 700 | 1 | _aDilger, Bradley J. | |
| 700 | 1 | _aRice, Jeff. | |
| 710 | 2 | _aebrary, Inc. | |
| 856 | 4 | 0 |
_uhttp://site.ebrary.com/lib/rucke/Doc?id=10442228 _zAn electronic book accessible through the World Wide Web; click to view |
| 999 |
_c246273 _d246273 |
||